Guess Countries on the Target #1 - Statistics

General Stats
  • This quiz has been taken 91 times
  • The average score is 14 of 30
Answers on the Map
Answers color-coded by a green-red scale on the quiz's map according to % correct below.
 
Answer Stats
Country % Correct
Russia
86%
China
84%
United States
84%
Canada
79%
Mexico
75%
Brazil
71%
France
62%
India
60%
Australia
58%
South Africa
53%
Algeria
52%
Japan
52%
Italy
51%
Libya
45%
Niger
45%
Ukraine
45%
Tunisia
44%
Nigeria
42%
Pakistan
41%
Belarus
33%
Romania
33%
North Korea
27%
Malta
26%
Serbia
26%
Benin
22%
Kiribati
19%
Montenegro
16%
Marshall Islands
15%
Solomon Islands
15%
Brunei
12%
No matching quizzes found
Score Distribution
Percent of People with Each Score
Percentile by Number Answered
Your Score History
You have not taken this quiz